01271 a2200241 4500003000500000005001700005010001600022020001500038040000900053082001500062100002800077245010500105260004800210300003300258505047400291650001900765650002500784700002900809700002500838942002400863999001900887952012300906Nust20221115121536.0 a 75006642 a087150197X cNust00a512.13,MUS1 aMusser, Gary L.910262110aFundamentals of algebra with trigonometry and applications / cGary Musser, Alan Hoffer, Sam Sperry. aBoston :bPrindle, Weber & Schmidt,c[1975] axi, 532 p. :bill. ;c24 cm. aThe Language of Algebra (Page-1), Beginning Concepts and Computations (Page-13), Equations and Inequalities in one Variable (Page-55), Systems of Equations and Inequalities (Page-76), Quadratic Equations and Complex Numbers (Page-126), Polynomials (Page-159), Functions and Graphs (Page-200), Exponential and Logarithmic Functions (Page-251), An Introduction to Trigonometry (Page-284), An Introduction to Probability and Statistics (Page-356), Applications (Page-407). 0aAlgebra.98509 0aTrigonometry.9391361 aHoffer, Alan R.,91026221 aSperry, Sam,9102623 2ddccBKk512.13,MUS c181993d181993 00102ddc4070aMCSbMCScGENd2016-12-12o512.13,MUSpMCS7209r2016-12-08w2016-12-12yBKzAlmirah No.11, Shelf No.1